Cổ sinh vật học

Enregistré dans:
Détails bibliographiques
Auteur principal: Trương Cam Bảo
Format: Livre
Langue:Undetermined
Publié: Hà Nội ĐH và THCN 1980
Sujets:
Tags: Ajouter un tag
Pas de tags, Soyez le premier à ajouter un tag!
Thư viện lưu trữ: Trung tâm Học liệu Trường Đại học Cần Thơ
LEADER 00449nam a2200169Ia 4500
001 CTU_3306
008 210402s9999 xx 000 0 und d
082 |a 560 
082 |b B108 
100 |a Trương Cam Bảo 
245 0 |a Cổ sinh vật học 
245 0 |c Trương Cam Bảo 
260 |a Hà Nội 
260 |b ĐH và THCN 
260 |c 1980 
650 |a paleontology 
980 |a Trung tâm Học liệu Trường Đại học Cần Thơ